Progresívne prístupy a metódy prípravy pracovníkov na manažérsku kompetentnosť diplomová práca

Saved in:
Bibliographic Details
Main Author: Hlavatý, Lukáš
Corporate Author: Fakulta podnikového manažmentu EU. Katedra manažmentu
Other Authors: Porvazník, Ján
Format: Book
Language:Slovak
Published: Bratislava 2008
Tags: Add Tag
No Tags, Be the first to tag this record!

MARC

LEADER 00000nam$a2200000$$$4500
001 0086453
005 20240201120210.0
041 0 |a slo 
044 |a SK 
245 1 0 |a Progresívne prístupy a metódy prípravy pracovníkov na manažérsku kompetentnosť  |b diplomová práca  |c Lukáš Hlavatý ; škol. Ján Porvazník 
264 1 |a Bratislava  |c 2008 
300 |a 81 s. 
100 1 |a Hlavatý, Lukáš 
700 1 |a Porvazník, Ján 
710 2 |a Fakulta podnikového manažmentu EU. Katedra manažmentu